[Event "Lignano Sabbiadoro op"]
[Site "Lignano Sabbiadoro ITA"]
[Date "2023.08.21"]
[Round "7.2"]
[White "Golubka, Petro"]
[Black "Rottenwohrer Suarez, Juan"]
[Result "1/2-1/2"]
[WhiteElo "2421"]
[BlackElo "2247"]
[WhiteFideId "-1"]
[BlackFideId "-1"]
[PlyCount "93"]
[GameId "2130307555635903"]
[EventDate "2023.08.17"]
[EventType "swiss"]
[EventRounds "9"]
[EventCountry "ITA"]
[SourceTitle "10 Days #733"]
[Source "ChessMix"]
[SourceDate "2023.09.01"]
[SourceVersion "1"]
[SourceVersionDate "2023.09.01"]
[SourceQuality "1"]

1. e4 c5 2. Nf3 Nc6 3. d4 cxd4 4. Nxd4 Nf6 5. Nc3 e5 6. Ndb5 d6 7. Nd5 Nxd5 8. exd5 Nb8 9. c4 a6 10. Qa4 Nd7 11. c5 Rb8 12. Nxd6+ Bxd6 13. cxd6 O-O 14. Qa3 b5 15. Be2 b4 16. Qg3 Qf6 17. O-O Qxd6 18. Be3 Bb7 19. Rfd1 Rbc8 20. Bd3 f5 21. f4 e4 22. Bf1 Rf6 23. Rac1 Rxc1 24. Rxc1 h6 25. Bd4 Rg6 26. Qe3 Kh7 27. g3 Nf6 28. Bxf6 Qxf6 29. Bh3 Bxd5 30. Qc5 Be6 31. Qxb4 Qh4 32. Bg2 Qd8 33. b3 Qd3 34. Qe1 Qd4+ 35. Qf2 Qb4 36. Bf1 a5 37. Rc5 Bd7 38. Rc4 Qa3 39. Rd4 Rd6 40. h4 Qc5 41. Rxd6 Qxd6 42. Qe3 Qd1 43. Kf2 Qc2+ 44. Qe2 Qc5+ 45. Qe3 Qc2+ 46. Qe2 Qc5+ 47. Qe3 1/2-1/2

[Event "Lignano Sabbiadoro op"]
[Site "Lignano Sabbiadoro ITA"]
[Date "2023.08.22"]
[Round "8.2"]
[White "Korneev, Oleg"]
[Black "Golubka, Petro"]
[Result "1/2-1/2"]
[WhiteElo "2473"]
[BlackElo "2421"]
[WhiteFideId "-1"]
[BlackFideId "-1"]
[PlyCount "28"]
[GameId "2130307555635932"]
[EventDate "2023.08.17"]
[EventType "swiss"]
[EventRounds "9"]
[EventCountry "ITA"]
[SourceTitle "10 Days #733"]
[Source "ChessMix"]
[SourceDate "2023.09.01"]
[SourceVersion "1"]
[SourceVersionDate "2023.09.01"]
[SourceQuality "1"]

1. e4 c5 2. Nf3 e6 3. c3 d5 4. exd5 Qxd5 5. d4 Nf6 6. Bd3 cxd4 7. cxd4 Bb4+ 8. Nc3 Qa5 9. O-O Nbd7 10. Ne5 Nxe5 11. dxe5 Bxc3 12. bxc3 Qxe5 13. Rb1 Bd7 14. Re1 Bc8 1/2-1/2

[Event "Dole op"]
[Site "Aix-en-Provence FRA"]
[Date "2023.08.09"]
[Round "3.2"]
[White "Fedorchuk, Sergey"]
[Black "Golubka, Petro"]
[Result "1/2-1/2"]
[WhiteElo "2586"]
[BlackElo "2421"]
[WhiteFideId "-1"]
[BlackFideId "-1"]
[PlyCount "44"]
[GameId "2130307556095395"]
[EventDate "2023.08.07"]
[EventType "swiss"]
[EventRounds "9"]
[EventCountry "FRA"]
[SourceTitle "10 Days #732"]
[Source "ChessMix"]
[SourceDate "2023.08.20"]
[SourceVersion "1"]
[SourceVersionDate "2023.08.20"]
[SourceQuality "1"]

1. e4 c5 2. Nf3 d6 3. d4 Nf6 4. Nc3 cxd4 5. Nxd4 g6 6. Be3 Bg7 7. f3 Nc6 8. Qd2 O-O 9. g4 Nxd4 10. Bxd4 Be6 11. a3 Qa5 12. h4 Rfc8 13. h5 b5 14. b4 Qc7 15. Nxb5 Qxc2 16. Qxc2 Rxc2 17. Bd3 Rg2 18. h6 Bh8 19. Bf1 Rc2 20. Bd3 Rg2 21. Bf1 Rc2 22. Bd3 Rg2 1/2-1/2

[Event "Dole op"]
[Site "Aix-en-Provence FRA"]
[Date "2023.08.10"]
[Round "5.3"]
[White "Gatineau, Yovann"]
[Black "Golubka, Petro"]
[Result "1/2-1/2"]
[WhiteElo "2362"]
[BlackElo "2421"]
[WhiteFideId "-1"]
[BlackFideId "-1"]
[PlyCount "71"]
[GameId "2130307556095406"]
[EventDate "2023.08.07"]
[EventType "swiss"]
[EventRounds "9"]
[EventCountry "FRA"]
[SourceTitle "10 Days #732"]
[Source "ChessMix"]
[SourceDate "2023.08.20"]
[SourceVersion "1"]
[SourceVersionDate "2023.08.20"]
[SourceQuality "1"]

1. Nf3 e6 2. c4 g5 3. d4 g4 4. Ng1 d5 5. Nc3 h5 6. e4 dxe4 7. Nxe4 Bg7 8. Be3 Nc6 9. Ne2 Nge7 10. Qd2 Nf5 11. O-O-O Nxe3 12. fxe3 f5 13. N4c3 h4 14. Nf4 e5 15. dxe5 Qxd2+ 16. Rxd2 Bxe5 17. Ncd5 Rh7 18. Bd3 Ne7 19. Rf1 Nxd5 20. Nxd5 Rf7 21. h3 gxh3 22. gxh3 Bg3 23. Be2 c6 24. Nf4 Rd7 25. Bd3 Re7 26. Nh5 Rxe3 27. Ng7+ Kf7 28. Nxf5 Bxf5 29. Bxf5 Re1+ 30. Rxe1 Bxe1 31. Rd7+ Kf6 32. Bg4 Rb8 33. Kc2 a5 34. b3 Bb4 35. Kd3 Ke5 36. Rh7 1/2-1/2

[Event "Dole op"]
[Site "Aix-en-Provence FRA"]
[Date "2023.08.11"]
[Round "6.5"]
[White "Golubka, Petro"]
[Black "Fantinel, Thibault"]
[Result "1/2-1/2"]
[WhiteElo "2421"]
[BlackElo "2421"]
[WhiteFideId "-1"]
[BlackFideId "-1"]
[PlyCount "141"]
[GameId "2130307556095413"]
[EventDate "2023.08.07"]
[EventType "swiss"]
[EventRounds "9"]
[EventCountry "FRA"]
[SourceTitle "10 Days #732"]
[Source "ChessMix"]
[SourceDate "2023.08.20"]
[SourceVersion "1"]
[SourceVersionDate "2023.08.20"]
[SourceQuality "1"]

1. e4 c5 2. b3 g6 3. Bb2 Nf6 4. e5 Nd5 5. Qf3 Nb4 6. Bc4 e6 7. Na3 Bg7 8. Qg3 N8c6 9. f4 a6 10. Nf3 O-O 11. O-O d6 12. Rfe1 b5 13. Bf1 Bb7 14. Rad1 Qb6 15. Qf2 dxe5 16. fxe5 Rad8 17. d4 cxd4 18. c4 Nxa2 19. cxb5 axb5 20. Nxb5 Ba6 21. Bxd4 Nxd4 22. Rxd4 Rxd4 23. Qxd4 Rb8 24. Qxb6 Rxb6 25. Nbd4 Bb7 26. Bc4 h6 27. Kf2 g5 28. h3 Nb4 29. g4 Bf8 30. Kg3 Be7 31. h4 Nd5 32. hxg5 hxg5 33. Bd3 Nf4 34. Be4 Bxe4 35. Rxe4 Rb4 36. Re1 Bc5 37. Ne2 Nd3 38. Rd1 Rxb3 39. Ned4 Bxd4 40. Nxd4 Ra3 41. Nb5 Rb3 42. Nd4 Ra3 43. Nb5 Ra5 44. Rxd3 Rxb5 45. Re3 Kf8 46. Kh3 Ke7 47. Kg3 Ra5 48. Kh3 Kd7 49. Rf3 Ke7 50. Re3 Kd7 51. Rf3 Rxe5 52. Rxf7+ Kd6 53. Kg3 Re3+ 54. Kf2 Re4 55. Kg3 Ke5 56. Rg7 Kf6 57. Rg8 Re3+ 58. Kf2 Ra3 59. Kg2 Ke5 60. Rxg5+ Kf4 61. Rg8 Ra2+ 62. Kh3 e5 63. Rf8+ Ke3 64. g5 e4 65. Kg4 Rg2+ 66. Kh5 Kd2 67. Rd8+ Kc2 68. Rc8+ Kd2 69. Rd8+ Kc2 70. Rc8+ Kd2 71. Rd8+ 1/2-1/2

[Event "Dole op"]
[Site "Aix-en-Provence FRA"]
[Date "2023.08.11"]
[Round "7.3"]
[White "Roux, Baptiste"]
[Black "Golubka, Petro"]
[Result "1/2-1/2"]
[WhiteElo "2323"]
[BlackElo "2421"]
[WhiteFideId "-1"]
[BlackFideId "-1"]
[PlyCount "147"]
[GameId "2130307556095416"]
[EventDate "2023.08.07"]
[EventType "swiss"]
[EventRounds "9"]
[EventCountry "FRA"]
[SourceTitle "10 Days #732"]
[Source "ChessMix"]
[SourceDate "2023.08.20"]
[SourceVersion "1"]
[SourceVersionDate "2023.08.20"]
[SourceQuality "1"]

1. e4 c5 2. Nf3 d6 3. d4 Nf6 4. Nc3 cxd4 5. Nxd4 g6 6. Be3 Bg7 7. f3 Nc6 8. Qd2 O-O 9. Bc4 Nxd4 10. Bxd4 Be6 11. Bb3 Qa5 12. O-O-O Rfc8 13. Kb1 b5 14. Bxf6 Bxf6 15. Nd5 Qxd2 16. Nxf6+ Kg7 17. Nh5+ gxh5 18. Rxd2 Rc5 19. Bxe6 fxe6 20. Re1 e5 21. Re3 a5 22. Kc1 h4 23. Kd1 Kf6 24. Red3 b4 25. a4 bxa3 26. Rxa3 Rb8 27. b3 Rb4 28. c4 a4 29. bxa4 Ra5 30. Rda2 Rxc4 31. Ke2 e6 32. Kf2 d5 33. exd5 exd5 34. g3 h5 35. Ke3 h3 36. Rd2 Kf5 37. Rda2 Rb4 38. Ra1 Rb2 39. R1a2 d4+ 40. Kd3 Rg2 41. Kc4 Ra8 42. a5 Rc8+ 43. Kd3 Rc3+ 44. Rxc3 Rxa2 45. Rc5 Rxh2 46. f4 Ra2 47. Rxe5+ Kg4 48. Rg5+ Kf3 49. Rxh5 Kxg3 50. Kxd4 h2 51. Rxh2 Kxh2 52. Ke5 Rxa5+ 53. Ke6 Ra6+ 54. Ke7 Ra7+ 55. Ke6 Kg3 56. f5 Kf4 57. f6 Ra6+ 58. Ke7 Ke5 59. f7 Ra7+ 60. Ke8 Ke6 61. f8=N+ Kd6 62. Ng6 Rg7 63. Nf8 Re7+ 64. Kd8 Re1 65. Ng6 Re4 66. Nf8 Rg4 67. Ke8 Rg7 68. Kd8 Ra7 69. Ke8 Ra8+ 70. Kf7 Rc8 71. Ng6 Rc3 72. Nf8 Rf3+ 73. Ke8 Rxf8+ 74. Kxf8 1/2-1/2

[Event "Dole op"]
[Site "Aix-en-Provence FRA"]
[Date "2023.08.12"]
[Round "8.1"]
[White "Lagarde, Maxime"]
[Black "Golubka, Petro"]
[Result "1-0"]
[WhiteElo "2600"]
[BlackElo "2421"]
[WhiteFideId "-1"]
[BlackFideId "-1"]
[PlyCount "73"]
[GameId "2130307556095419"]
[EventDate "2023.08.07"]
[EventType "swiss"]
[EventRounds "9"]
[EventCountry "FRA"]
[SourceTitle "10 Days #732"]
[Source "ChessMix"]
[SourceDate "2023.08.20"]
[SourceVersion "1"]
[SourceVersionDate "2023.08.20"]
[SourceQuality "1"]

1. e4 c5 2. Nf3 d6 3. d4 cxd4 4. Nxd4 Nf6 5. Nc3 a6 6. g3 e5 7. Nb3 Be7 8. Bg5 Be6 9. Bxf6 Bxf6 10. Qd3 O-O 11. h4 a5 12. Nd5 Nc6 13. c3 a4 14. Nd2 Ne7 15. Nxf6+ gxf6 16. Qf3 f5 17. Bd3 Qd7 18. exf5 Bxf5 19. Bxf5 Qxf5 20. Qxf5 Nxf5 21. Ne4 Rfd8 22. O-O-O a3 23. b3 Rac8 24. Rd3 Nd4 25. Kb1 f5 26. Nf6+ Kg7 27. Nd5 Nb5 28. f4 Rc5 29. c4 Nd4 30. Re1 Nc6 31. Red1 Nd4 32. Ne3 Ra8 33. Nc2 Nxc2 34. Kxc2 b5 35. Rxd6 bxc4 36. b4 Rb5 37. Kc3 1-0

[Event "Creon op"]
[Site "Creon FRA"]
[Date "2023.08.02"]
[Round "4.2"]
[White "Das, Say"]
[Black "Golubka, Petro"]
[Result "1/2-1/2"]
[WhiteElo "2484"]
[BlackElo "2383"]
[WhiteFideId "-1"]
[BlackFideId "-1"]
[PlyCount "105"]
[GameId "2130307556553355"]
[EventDate "2023.07.31"]
[EventType "swiss"]
[EventRounds "9"]
[EventCountry "FRA"]
[SourceTitle "10 Days #731"]
[Source "ChessMix"]
[SourceDate "2023.08.10"]
[SourceVersion "1"]
[SourceVersionDate "2023.08.10"]
[SourceQuality "1"]

1. e4 e6 2. d4 d5 3. Nc3 Bb4 4. e5 b6 5. h4 Qd7 6. h5 h6 7. Qg4 Bf8 8. b4 Ne7 9. Bd3 Nf5 10. Nge2 c5 11. bxc5 bxc5 12. dxc5 Ba6 13. Ng3 Nxg3 14. Qxg3 Qc6 15. O-O Nd7 16. Be3 Bxd3 17. cxd3 Bxc5 18. Qxg7 Ke7 19. Na4 d4 20. Nxc5 Rag8 21. Bxh6 Qxc5 22. Rac1 Qxe5 23. Qxe5 Nxe5 24. Rc7+ Kf6 25. f4 Ng4 26. Bg5+ Kg7 27. Rb1 Rxh5 28. Rbb7 Rf8 29. Rxa7 Kg6 30. g3 e5 31. Kg2 f6 32. Bh4 Rb8 33. Rab7 Rxb7 34. Rxb7 exf4 35. Rb4 Rf5 36. gxf4 Rxf4 37. Kg3 Ne5 38. Kxf4 Nxd3+ 39. Ke4 Nxb4 40. a4 d3 41. Be1 f5+ 42. Ke5 Nc6+ 43. Kd5 Kh5 44. Kc4 Ne5+ 45. Kc3 Kg4 46. a5 Kf3 47. a6 Nc6 48. Kxd3 f4 49. Bd2 Kg2 50. Bxf4 Nb4+ 51. Kc4 Nxa6 52. Kb5 Nb8 53. Bxb8 1/2-1/2

[Event "Monteolivete int. op"]
[Site "Alboraia ESP"]
[Date "2023.07.18"]
[Round "2.6"]
[White "Gines Esteo, Pedro Antonio"]
[Black "Golubka, Petro"]
[Result "0-1"]
[WhiteElo "2495"]
[BlackElo "2383"]
[WhiteFideId "-1"]
[BlackFideId "-1"]
[PlyCount "70"]
[GameId "2130307557331160"]
[EventDate "2023.07.17"]
[EventType "swiss"]
[EventRounds "9"]
[EventCountry "ESP"]
[SourceTitle "The Week in Chess 1498"]
[Source "Mark Crowther"]
[SourceDate "2023.07.24"]
[SourceVersion "2"]
[SourceVersionDate "2023.07.25"]
[SourceQuality "2"]

1. c4 b6 2. Nf3 Bb7 3. g3 Bxf3 4. exf3 c5 5. d4 cxd4 6. Qxd4 Nc6 7. Qd1 g6 8. Bd2 Bg7 9. Bc3 Nf6 10. Bg2 O-O 11. f4 e6 12. O-O Rc8 13. Qa4 Na5 14. Na3 d5 15. cxd5 Nxd5 16. Bxg7 Kxg7 17. f5 gxf5 18. Rad1 Qe8 19. Qd4+ Nf6 20. Qh4 h6 21. b4 Qa4 22. Rd3 Nc6 23. Nc4 Rfd8 24. Nd6 Ne5 25. Rd2 Neg4 26. Rfd1 Rc2 27. Nxf5+ exf5 28. Rxd8 Qxa2 29. Qh3 Nxf2 30. Qxf5 Nxd1 31. Bd5 Nxd5 32. Qg4+ Kf6 33. Qh4+ Ke5 34. Re8+ Kd6 35. Rd8+ Ke5 0-1

[Event "Monteolivete int. op"]
[Site "Alboraia ESP"]
[Date "2023.07.18"]
[Round "3.7"]
[White "Golubka, Petro"]
[Black "Prraneeth, Vuppala"]
[Result "1-0"]
[WhiteElo "2383"]
[BlackElo "2486"]
[WhiteFideId "-1"]
[BlackFideId "-1"]
[PlyCount "71"]
[GameId "2130307557331180"]
[EventDate "2023.07.17"]
[EventType "swiss"]
[EventRounds "9"]
[EventCountry "ESP"]
[SourceTitle "The Week in Chess 1498"]
[Source "Mark Crowther"]
[SourceDate "2023.07.24"]
[SourceVersion "2"]
[SourceVersionDate "2023.07.25"]
[SourceQuality "2"]

1. e4 c5 2. b3 d6 3. Bb2 Nf6 4. Bb5+ Bd7 5. Qe2 Nc6 6. f4 a6 7. Bxc6 Bxc6 8. Nc3 b5 9. d3 g6 10. Nh3 Bg7 11. O-O O-O 12. Kh1 Qd7 13. Ng5 h6 14. Nf3 Nh5 15. f5 e6 16. g4 Nf4 17. Qe3 e5 18. Ne2 d5 19. Ng3 d4 20. Qf2 Nh3 21. Qg2 Nf4 22. Qf2 Rfd8 23. Bc1 g5 24. h4 f6 25. Qh2 Ra7 26. Kg1 Bf8 27. Kf2 c4 28. hxg5 cxd3 29. Bxf4 exf4 30. Nh5 Be7 31. Nxf6+ Bxf6 32. gxf6 Bxe4 33. Qxh6 Bxf3 34. Qg6+ Kf8 35. Rh1 Bxh1 36. Rxh1 1-0

[Event "Monteolivete int. op"]
[Site "Alboraia ESP"]
[Date "2023.07.19"]
[Round "4.2"]
[White "Golubka, Petro"]
[Black "Schoppen, Casper"]
[Result "0-1"]
[WhiteElo "2383"]
[BlackElo "2498"]
[WhiteFideId "-1"]
[BlackFideId "-1"]
[PlyCount "52"]
[GameId "2130307557335293"]
[EventDate "2023.07.17"]
[EventType "swiss"]
[EventRounds "9"]
[EventCountry "ESP"]
[SourceTitle "The Week in Chess 1498"]
[Source "Mark Crowther"]
[SourceDate "2023.07.24"]
[SourceVersion "2"]
[SourceVersionDate "2023.07.25"]
[SourceQuality "2"]

1. e4 c5 2. Nc3 Nc6 3. f4 g6 4. Bb5 Bg7 5. Bxc6 bxc6 6. Nf3 d6 7. O-O Nh6 8. d3 O-O 9. h3 f5 10. e5 Nf7 11. exd6 exd6 12. Na4 Re8 13. Re1 Be6 14. c4 h6 15. Be3 g5 16. Rc1 g4 17. Nh2 Qh4 18. Rc2 Re7 19. Nf1 gxh3 20. gxh3 Kh7 21. Rg2 Rg8 22. Nc3 Ree8 23. Ree2 Bd4 24. Rxg8 Rxg8+ 25. Kh1 Bxe3 26. Rxe3 Qf2 0-1

[Event "Monteolivete op 3rd"]
[Site "Alboraia"]
[Date "2023.07.23"]
[Round "9"]
[White "Golubka, Petro"]
[Black "Fernandez Guillen, Ernesto"]
[Result "1-0"]
[WhiteElo "2383"]
[BlackElo "2467"]
[WhiteFideId "-1"]
[BlackFideId "-1"]
[PlyCount "99"]
[GameId "1938373554085888"]
[EventDate "2023.07.17"]
[EventType "swiss"]
[EventRounds "9"]
[EventCountry "ESP"]
[SourceTitle "CBM 215 Extra"]
[Source "ChessBase"]
[SourceDate "2023.09.30"]
[SourceVersion "1"]
[SourceVersionDate "2023.09.30"]
[SourceQuality "1"]

1. e4 c5 2. Nf3 d6 3. d4 cxd4 4. Qxd4 Nc6 5. Bb5 Bd7 6. Bxc6 Bxc6 7. Nc3 Nf6 8. Bg5 h6 9. Bxf6 gxf6 10. O-O-O Qa5 11. Qd3 e6 12. Nd4 Be7 13. f4 Rc8 14. Kb1 Bd7 15. f5 Rg8 16. fxe6 fxe6 17. e5 f5 18. exd6 Bf6 19. Rhe1 Kf7 20. Qf3 Qb6 21. Qh5+ Rg6 22. Nce2 Kg7 23. Rd3 Rg5 24. Qf3 e5 25. Rb3 Qa5 26. Rc1 exd4 27. Rxb7 Kh8 28. Rxd7 Qb6 29. Nf4 d3 30. Nxd3 Rb8 31. c3 f4 32. Qe4 Bg7 33. Re7 Qxd6 34. Re8+ Rxe8 35. Qxe8+ Kh7 36. Qe4+ Kh8 37. Nxf4 Qb6 38. g3 Rb5 39. Ng6+ Kg8 40. Ne7+ Kf8 41. Rf1+ Bf6 42. Nd5 Rxb2+ 43. Kc1 Rf2 44. Rxf2 Qxf2 45. Nxf6 Qxa2 46. Qe8+ Kg7 47. Nh5+ Kh7 48. Qe4+ Kg8 49. Qg6+ Kf8 50. Qg7+ 1-0

[Event "Salon de Provence op"]
[Site "Salon de Provence FRA"]
[Date "2023.07.08"]
[Round "1.2"]
[White "Golubka, Petro"]
[Black "Madranges, Jean"]
[Result "1-0"]
[WhiteElo "2383"]
[BlackElo "1723"]
[WhiteFideId "-1"]
[BlackFideId "-1"]
[PlyCount "75"]
[GameId "2129404707693850"]
[EventDate "2023.07.08"]
[EventType "swiss"]
[EventRounds "9"]
[EventCountry "FRA"]
[SourceTitle "10 Days #729"]
[Source "ChessMix"]
[SourceDate "2023.07.20"]
[SourceVersion "1"]
[SourceVersionDate "2023.07.20"]
[SourceQuality "1"]

{[%evp 0,63,24,27,44,38,42,41,40,-9,4,16,33,39,30,-2,27,20,20,-25,-23,-16,0,7,21,13,16,8,48,41,39,60,48,45,48,13,43,35,44,54,72,64,74,78,66,84,83,64,135,74,64,78,143,146,153,157,157,157,156,146,236,226,224,130,141,119]} 1. e4 c5 2. b3 d6 3. Bb2 e5 4. f4 exf4 5. Nf3 Bg4 6. Bb5+ Nc6 7. Qe2 a6 8. Bxc6+ bxc6 9. Nc3 Be7 10. O-O-O Bf6 11. h3 Bxf3 12. Qxf3 Be5 13. Ne2 Qa5 14. Kb1 Bxb2 15. Kxb2 Ne7 16. Nxf4 O-O 17. g4 c4 18. Qc3 Qe5 19. Rhf1 cxb3 20. axb3 a5 21. Qxe5 dxe5 22. Nd3 f6 23. Ra1 Rfb8 24. h4 a4 25. g5 Kf7 26. gxf6 gxf6 27. Nxe5+ Ke6 28. Ng4 Ng8 29. d4 Rb4 30. Kc3 c5 31. dxc5 Rxe4 32. Rae1 f5 33. Rxe4+ fxe4 34. Ra1 a3 35. Kd4 h5 36. Nf2 Nf6 37. Nxe4 Rd8+ 38. Nd6 1-0

[Event "Salon de Provence op"]
[Site "Salon de Provence FRA"]
[Date "2023.07.09"]
[Round "2.2"]
[White "Busson, Benoit"]
[Black "Golubka, Petro"]
[Result "0-1"]
[WhiteElo "1871"]
[BlackElo "2383"]
[WhiteFideId "-1"]
[BlackFideId "-1"]
[PlyCount "64"]
[GameId "2129404707693858"]
[EventDate "2023.07.08"]
[EventType "swiss"]
[EventRounds "9"]
[EventCountry "FRA"]
[SourceTitle "10 Days #729"]
[Source "ChessMix"]
[SourceDate "2023.07.20"]
[SourceVersion "1"]
[SourceVersionDate "2023.07.20"]
[SourceQuality "1"]
[TimeControl "1"]

1. d4 {[%emt 0:00:00]} d5 {[%emt 0:00:00]} 2. Nf3 {[%emt 0:00:00]} a6 {[%emt 0:00:00]} 3. e3 {[%emt 0:00:00]} Nf6 {[%emt 0:00:00]} 4. Bd3 {[%emt 0:00:00]} e6 {[%emt 0:00:00]} 5. Nbd2 {[%emt 0:00:00]} b6 {[%emt 0:00:00]} 6. O-O {[%emt 0:00:00]} Bb7 {[%emt 0:00:00]} 7. Ne5 {[%emt 0:00:00]} c5 {[%emt 0:00:00]} 8. c3 {[%emt 0:00:00]} Nc6 {[%emt 0:00:00]} 9. f4 {[%emt 0:00:00]} Bd6 {[%emt 0:00:00]} 10. Ndf3 {[%emt 0:00:00]} h6 {[%emt 0:00:00]} 11. Bd2 {[%emt 0:00:00]} Ne7 {[%emt 0:00:00]} 12. Be1 {[%emt 0:00:00]} Ne4 {[%emt 0:00:00]} 13. Nh4 {[%emt 0:00:00]} g6 {[%emt 0:00:00]} 14. a3 {[%emt 0:00:00]} O-O {[%emt 0:00:00]} 15. Qg4 {[%emt 0:00:00]} f5 {[%emt 0:00:00]} 16. Qh3 {[%emt 0:00:00]} Bxe5 {[%emt 0:00:00]} 17. fxe5 {[%emt 0:00:00]} g5 {[%emt 0:00:00]} 18. Nf3 {[%emt 0:00:00]} Kg7 {[%emt 0:00:00]} 19. Bxe4 {[%emt 0:00:00]} dxe4 {[%emt 0:00:00]} 20. Nd2 {[%emt 0:00:00]} cxd4 {[%emt 0:00:00]} 21. exd4 {[%emt 0:00:00]} Bd5 {[%emt 0:00:00]} 22. c4 {[%emt 0:00:00]} Bc6 {[%emt 0:00:00]} 23. Nb3 {[%emt 0:00:00]} b5 {[%emt 0:00:00]} 24. Ba5 {[%emt 0:00:00]} Qd7 {[%emt 0:00:00]} 25. cxb5 {[%emt 0:00:00]} Bxb5 {[%emt 0:00:00]} 26. Rfd1 {[%emt 0:00:00]} Nd5 {[%emt 0:00:00]} 27. Nc5 {[%emt 0:00:00]} Qf7 {[%emt 0:00:00]} 28. Bd2 {[%emt 0:00:00]} a5 {[%emt 0:00:00]} 29. b4 {[%emt 0:00:00]} a4 {[%emt 0:00:00]} 30. g4 {[%emt 0:00:00]} fxg4 {[%emt 0:00:00]} 31. Qxg4 {[%emt 0:00:00]} Qf2+ {[%emt 0:00:00]} 32. Kh1 {[%emt 0:00:00]} Be2 {[%emt 0:00:00]} 0-1

[Event "Salon de Provence op"]
[Site "Salon de Provence FRA"]
[Date "2023.07.09"]
[Round "3.1"]
[White "Golubka, Petro"]
[Black "Omelja, Artem"]
[Result "1/2-1/2"]
[WhiteElo "2383"]
[BlackElo "2457"]
[WhiteFideId "-1"]
[BlackFideId "-1"]
[PlyCount "84"]
[GameId "2129404707693865"]
[EventDate "2023.07.08"]
[EventType "swiss"]
[EventRounds "9"]
[EventCountry "FRA"]
[SourceTitle "10 Days #729"]
[Source "ChessMix"]
[SourceDate "2023.07.20"]
[SourceVersion "1"]
[SourceVersionDate "2023.07.20"]
[SourceQuality "1"]
[TimeControl "1"]

1. d4 {[%emt 0:00:00]} d5 {[%emt 0:00:00]} 2. c4 {[%emt 0:00:00]} c6 {[%emt 0:00:00]} 3. Nc3 {[%emt 0:00:00]} Nf6 {[%emt 0:00:00]} 4. Nf3 {[%emt 0:00:00]} g6 {[%emt 0:00:00]} 5. e3 {[%emt 0:00:00]} Bg7 {[%emt 0:00:00]} 6. Bd3 {[%emt 0:00:00]} O-O {[%emt 0:00:00]} 7. O-O {[%emt 0:00:00]} Bg4 {[%emt 0:00:00]} 8. h3 {[%emt 0:00:00]} Bxf3 {[%emt 0:00:00]} 9. Qxf3 {[%emt 0:00:00]} e6 {[%emt 0:00:00]} 10. Rd1 {[%emt 0:00:00]} Nbd7 {[%emt 0:00:00]} 11. a4 {[%emt 0:00:00]} a5 {[%emt 0:00:00]} 12. b3 {[%emt 0:00:00]} Re8 {[%emt 0:00:00]} 13. Bb2 {[%emt 0:00:00]} Nb8 {[%emt 0:00:00]} 14. Rac1 {[%emt 0:00:00]} Na6 {[%emt 0:00:00]} 15. Qe2 {[%emt 0:00:00]} Nb4 {[%emt 0:00:00]} 16. Ba3 {[%emt 0:00:00]} Bf8 {[%emt 0:00:00]} 17. Bxb4 {[%emt 0:00:00]} Bxb4 {[%emt 0:00:00]} 18. Qc2 {[%emt 0:00:00]} Rc8 {[%emt 0:00:00]} 19. Ne2 {[%emt 0:00:00]} Ba3 {[%emt 0:00:00]} 20. Rb1 {[%emt 0:00:00]} Bf8 {[%emt 0:00:00]} 21. e4 {[%emt 0:00:00]} dxe4 {[%emt 0:00:00]} 22. Bxe4 {[%emt 0:00:00]} Nxe4 {[%emt 0:00:00]} 23. Qxe4 {[%emt 0:00:00]} Bg7 {[%emt 0:00:00]} 24. Rd3 {[%emt 0:00:00]} Rc7 {[%emt 0:00:00]} 25. Rbd1 {[%emt 0:00:00]} Rd7 {[%emt 0:00:00]} 26. g3 {[%emt 0:00:00]} Qe7 {[%emt 0:00:00]} 27. Kg2 {[%emt 0:00:00]} Red8 {[%emt 0:00:00]} 28. Qe3 {[%emt 0:00:00]} Bf6 {[%emt 0:00:00]} 29. h4 {[%emt 0:00:00]} h5 {[%emt 0:00:00]} 30. Kf1 {[%emt 0:00:00]} Kg7 {[%emt 0:00:00]} 31. Ng1 {[%emt 0:00:00]} c5 {[%emt 0:00:00]} 32. Nf3 {[%emt 0:00:00]} b6 {[%emt 0:00:00]} 33. d5 {[%emt 0:00:00]} exd5 {[%emt 0:00:00]} 34. Qxe7 {[%emt 0:00:00]} Rxe7 {[%emt 0:00:00]} 35. Rxd5 {[%emt 0:00:00]} Rxd5 {[%emt 0:00:00]} 36. Rxd5 {[%emt 0:00:00]} Re6 {[%emt 0:00:00]} 37. Ng5 {[%emt 0:00:00]} Bxg5 {[%emt 0:00:00]} 38. hxg5 {[%emt 0:00:00]} Kf8 {[%emt 0:00:00]} 39. Rd8+ {[%emt 0:00:00]} Ke7 {[%emt 0:00:00]} 40. Rb8 {[%emt 0:00:00]} Rd6 {[%emt 0:00:00]} 41. Rb7+ {[%emt 0:00:00]} Ke6 {[%emt 0:00:00]} 42. Ke2 {[%emt 0:00:03]} Ke5 {[%emt 0:00:00]} 1/2-1/2